00492nam a2200181Ia 450000500170000000800410001702000210005804000190007904100120009808200130011010000150012324500610013826000450019930000160024465000190026065100210027985000100030020240510105850.0131103s9999 xx 000 0 und d a195641299cRs.53 aLoreto College aEnglish a428bHOW aHowe, D.H. aAdvance with englishb work book 3 cD.H. Howe and other aNew DelhibOxford university pressc2002 a81p.b pic. aEnglish reader aEnglish language aLCBED